Tom Sawyer / (Record no. 115005)
[ view plain ]
| 000 -LEADER | |
|---|---|
| fixed length control field | 00491nam a2200193 a 4500 |
| 001 - CONTROL NUMBER | |
| control field | 2493 |
| 005 - DATE AND TIME OF LATEST TRANSACTION | |
| control field | 20140414132119.0 |
| 008 - FIXED-LENGTH DATA ELEMENTS--GENERAL INFORMATION | |
| fixed length control field | 050602s19uu xx 00 eng d |
| 020 ## - INTERNATIONAL STANDARD BOOK NUMBER | |
| International Standard Book Number | |
| 050 ## - LIBRARY OF CONGRESS CALL NUMBER | |
| Classification number | M 808.3087 |
| Item number | T91 1993 |
| 100 ## - MAIN ENTRY--PERSONAL NAME | |
| Personal name | Twain, Mark |
| 245 ## - TITLE STATEMENT | |
| Title | Tom Sawyer / |
| Statement of responsibility, etc | Mark Twain ; retold by B.R. Choudhury. |
| 260 ## - PUBLICATION, DISTRIBUTION, ETC. (IMPRINT) | |
| Name of publisher, distributor, etc | Twin books, |
| Date of publication, distribution, etc | 1993. |
| 440 ## - SERIES STATEMENT/ADDED ENTRY--TITLE | |
| Title | Learners Graded Readers, level 3 |
| 500 ## - GENERAL NOTE | |
| General note | |
| 650 ## - SUBJECT ADDED ENTRY--TOPICAL TERM | |
| Topical term or geographic name as entry element | Fiction. |
| 650 ## - SUBJECT ADDED ENTRY--TOPICAL TERM | |
| Topical term or geographic name as entry element | Children stories. |
| Withdrawn status | Lost status | Damaged status | Home library | Current library | Shelving location | Date acquired | Source of acquisition | Total Checkouts | Full call number | Barcode | Date last seen | Price effective from | Koha item type |
|---|---|---|---|---|---|---|---|---|---|---|---|---|---|
| Munich Library | Munich Library | Main Section | 11/22/2011 | M 808.3087 T91 1993 | M6956 | 04/14/2014 | 04/14/2014 | Books |